000 00755nam a2200253Ia 4500
003 OSt
005 20220928112602.0
006 a|||||r|||| 00| 0
007 ta
008 220927b |||||||| |||| 00| 0 eng d
020 _c495
024 _a124392
037 _b007, 02/09/2014, Excel Book International
_cTextual
040 _aSDCL
_cSDCL
_beng
041 _2eng
_aeng
082 _aO157,1M61, Q4
100 _aSen Amiya P
_9428940
245 0 _aReligion and Rabindranath Tagore
260 _aNew Delhi
_bOxford University Press
_c2014
300 _alxiii;242p.
_ccm.
650 _aPolitical Science
942 _hO157,1M61, Q4
_cTEXL
_2CC
999 _c745420
_d745420